I manažerské ideje potřebují marketing
Analýza príčin popularity niektorých autorov moderného manažmentu ukazuje, že hybnou silou ich úspechu nemusí byť len originalita ich myšlienok, ale aj schopnosť vedieť predávať svoje názory. Pritom nie je podstatné či sú dielom vlastným alebo cudzím. Podstata umenia predávať myšlienky podľa Američa...
Enregistré dans:
| Auteur principal: | |
|---|---|
| Format: | Chapitre de livre |
| Langue: | tchèque |
| Sujets: | |
| Tags: |
Pas de tags, Soyez le premier à ajouter un tag!
|
MARC
| LEADER | 00000naa a2200000 4500 | ||
|---|---|---|---|
| 001 | r000340 | ||
| 005 | 20221213082415.6 | ||
| 041 | 0 | |a cze | |
| 044 | |a CZ | ||
| 245 | 1 | 0 | |a I manažerské ideje potřebují marketing |c Leo Vodáček |
| 520 | |a Analýza príčin popularity niektorých autorov moderného manažmentu ukazuje, že hybnou silou ich úspechu nemusí byť len originalita ich myšlienok, ale aj schopnosť vedieť predávať svoje názory. Pritom nie je podstatné či sú dielom vlastným alebo cudzím. Podstata umenia predávať myšlienky podľa Američanov Michaela Portera, Thomasa J. Petersa a Kanaďana Henri Mintzberga. | ||
| 610 | 2 | 0 | |a manažment |
| 610 | 2 | 0 | |a marketing |
| 610 | 2 | 0 | |a teória riadenia |
| 610 | 2 | 0 | |a Porter, M. |
| 610 | 2 | 0 | |a Peters, T.J. |
| 610 | 2 | 0 | |a Mintzberg, H. |
| 100 | 1 | |a Vodáček, Leo | |